[Event "AUTO-MASTER-3281"]
[Site "http://www.queenalice.com/game.php?id=1867866"]
[Date "2026.1.11"]
[Round "2"]
[White "raulzampronha"]
[Black "cerenzo72"]
[Result "1-0"]
[WhiteElo "2278"]
[BlackElo "2193"]

1. e4 c5 2. Nf3 Nc6 3. d4 cxd4 4. Nxd4 e5 5. Nb5 d6 6. N1c3 a6 7. Na3 b5 8. Nd5
Nge7 9. c4 Nd4 10. cxb5 Nxd5 11. exd5 Bd7 12. bxa6 Qa5+ 13. Bd2 Qxd5 14. Be3 Bb5
15. Bxd4 Bxf1 16. Kxf1 exd4 17. Qa4+ Ke7 18. Rd1 d3 19. Qc4 Qxc4 20. Nxc4 f6 21.
Rxd3 Rxa6 22. a3 Rc6 23. Ne3 Kf7 24. Ke2 Be7 25. b4 Re8 26. Kd2 Rec8 27. b5 Rc5
28. Rb1 Ra8 29. b6 Rb8 30. Rd5 Rc6 31. Rdb5 Ke6 32. a4 Kd7 33. a5 Bd8 34. Nd5
Ke6 35. a6 Rc5 36. Rxc5 dxc5 37. a7 Ra8 38. b7 Rxa7 39. b8=Q Ra2+ 40. Ke1 Ba5+
41. Kf1 Kxd5 42. Qb3+ 1-0

[Event "AUTO-MASTER-3281"]
[Site "http://www.queenalice.com/game.php?id=1867867"]
[Date "2026.1.11"]
[Round "2"]
[White "cerenzo72"]
[Black "raulzampronha"]
[Result "1-0"]
[WhiteElo "2207"]
[BlackElo "2300"]

1. c4 Nf6 2. d4 c5 3. d5 e6 4. Nc3 exd5 5. cxd5 d6 6. e4 g6 7. Nf3 Bg7 8. Bg5 h6
9. Bf4 O-O 10. Qd2 Kh7 11. Bd3 a6 12. O-O b5 13. Rac1 Re8 14. e5 b4 15. Ne4 Nxe4
16. Bxe4 dxe5 17. Be3 Nd7 18. Bxc5 Nxc5 19. Rxc5 f5 20. Bb1 e4 21. Nd4 Qf6 22.
Rd1 f4 23. Rc6 Qe5 24. f3 exf3 25. Bxg6+ Kh8 26. Bxe8 1-0

[Event "AUTO-ELITE-2607"]
[Site "http://www.queenalice.com/game.php?id=1867908"]
[Date "2026.1.12"]
[Round "1"]
[White "JailtonMaster"]
[Black "raulzampronha"]
[Result "0-1"]
[WhiteElo "2107"]
[BlackElo "2252"]

1. d4 Nf6 2. c4 c5 3. d5 e6 4. Nf3 exd5 5. cxd5 d6 6. Nc3 g6 7. e4 Bg7 8. e5
dxe5 9. Nxe5 O-O 10. Nf3 Re8+ 11. Be2 a6 12. O-O b5 13. Bg5 Qd6 14. a3 Bb7 15.
Qc2 Nbd7 16. Rad1 b4 17. axb4 cxb4 18. Na4 Rac8 19. Qb1 Nxd5 20. b3 Qb8 21. Bc4
N7b6 22. Nxb6 Nxb6 23. Nd2 Qa8 24. f3 Bd5 25. Qa2 a5 26. Rfe1 Rxe1+ 27. Rxe1
Nxc4 28. bxc4 Be6 29. Rc1 a4 30. Rb1 b3 31. Qa3 Bxc4 32. Nxc4 Rxc4 33. Rxb3 h6
34. Be3 Qe8 35. Rd3 Bf8 36. Qb2 a3 37. Qa1 Ra4 38. Bb6 a2 39. Rd8 Qxd8 0-1

[Event "AUTO-ELITE-2607"]
[Site "http://www.queenalice.com/game.php?id=1867909"]
[Date "2026.1.12"]
[Round "1"]
[White "raulzampronha"]
[Black "JailtonMaster"]
[Result "1-0"]
[WhiteElo "2263"]
[BlackElo "2213"]

1. e4 e5 2. Nf3 Nc6 3. d4 exd4 4. Nxd4 Bc5 5. Be3 Qf6 6. c3 Nge7 7. Bc4 d6 8.
O-O O-O 9. Qd2 Ne5 10. Be2 Ng4 11. Bxg4 Bxg4 12. Bg5 Qe5 13. f4 Bxd4+ 14. cxd4
Qe6 15. d5 Qd7 16. Bxe7 Qxe7 17. Nc3 c6 18. h3 Bd7 19. f5 cxd5 20. Nxd5 Qe5 21.
f6 Qxe4 22. fxg7 Kxg7 23. Nf6 Qc6 24. Qg5+ Kh8 25. Qh5 Qc5+ 26. Qxc5 1-0

[Event "AUTO-ELITE-2607"]
[Site "http://www.queenalice.com/game.php?id=1867914"]
[Date "2026.1.12"]
[Round "1"]
[White "Sexxy_Bunny"]
[Black "raulzampronha"]
[Result "1-0"]
[WhiteElo "2691"]
[BlackElo "2268"]

1. e4 c6 2. d4 d5 3. e5 Bf5 4. Nf3 e6 5. Be2 Nd7 6. O-O Ne7 7. Nbd2 c5 8. c4
cxd4 9. Nxd4 Bg6 10. N2f3 a6 11. Be3 Qb8 12. Rc1 Be4 13. Ng5 Qxe5 14. Bg4 1-0

[Event "AUTO-ELITE-2607"]
[Site "http://www.queenalice.com/game.php?id=1867915"]
[Date "2026.1.12"]
[Round "1"]
[White "raulzampronha"]
[Black "Sexxy_Bunny"]
[Result "0-1"]
[WhiteElo "2288"]
[BlackElo "2670"]

1. e4 e6 2. d3 d5 3. Nd2 Nf6 4. Ngf3 c5 5. g3 Nc6 6. Bg2 Be7 7. O-O O-O 8. Re1
b5 9. e5 Nd7 10. Nf1 a5 11. h4 b4 12. N1h2 a4 13. Ng4 Ba6 14. Bf4 c4 15. d4 c3
16. bxc3 bxc3 17. h5 a3 18. h6 g6 19. Re3 g5 20. Rxc3 gxf4 21. Rxc6 Bb5 22. Rc3
Qa5 23. Rb3 fxg3 24. fxg3 Ba4 25. Re3 Kh8 26. Bf1 Rg8 27. Nfh2 Rac8 28. Bd3 Qb4
0-1

[Event "AUTO-MASTER-3270"]
[Site "http://www.queenalice.com/game.php?id=1868087"]
[Date "2026.1.16"]
[Round "2"]
[White "BeatifulDevil56"]
[Black "raulzampronha"]
[Result "1/2-1/2"]
[WhiteElo "2179"]
[BlackElo "2285"]

1. c4 Nf6 2. Nf3 e6 3. e3 c5 4. Nc3 d5 5. d4 Nc6 6. cxd5 Nxd5 7. Bc4 Nb6 8. Bb5
Be7 9. O-O O-O 10. dxc5 Bxc5 11. Qe2 Bd7 12. Rd1 Qe7 13. Ne4 a6 14. Nxc5 Qxc5
15. Bd3 Nb4 16. e4 Nxd3 17. Qxd3 Bb5 18. Be3 Qh5 19. Qd6 Nc4 20. Qd4 h6 21. b3
Na5 22. Qe5 Qxe5 23. Nxe5 Nc6 1/2-1/2

[Event "AUTO-MASTER-3270"]
[Site "http://www.queenalice.com/game.php?id=1868088"]
[Date "2026.1.16"]
[Round "2"]
[White "raulzampronha"]
[Black "BeatifulDevil56"]
[Result "0-1"]
[WhiteElo "2277"]
[BlackElo "2212"]

1. e4 e6 2. d4 d5 3. Nc3 dxe4 4. Nxe4 h6 5. Nf3 Nd7 6. Bd3 Ngf6 7. O-O c5 8. Be3
Nxe4 9. Bxe4 Qc7 10. Re1 Bd6 11. c3 c4 12. Rc1 O-O 13. Bb1 b5 14. Qc2 f5 15. Bd2
Bb7 16. Rxe6 Bxf3 17. gxf3 Rf7 18. Rce1 Bxh2+ 19. Kg2 Nf8 20. R6e2 Ng6 21. Kh3
Bf4 22. Re8+ Rxe8 23. Rxe8+ Kh7 24. Kg2 Qc6 25. Bxf4 Nxf4+ 26. Kg3 Nh5+ 27. Kg2
Qxe8 0-1

[Event "AUTO-MASTER-3270"]
[Site "http://www.queenalice.com/game.php?id=1868089"]
[Date "2026.1.16"]
[Round "2"]
[White "IranSilva"]
[Black "raulzampronha"]
[Result "0-1"]
[WhiteElo "2171"]
[BlackElo "2282"]

1. Nf3 Nf6 2. g3 d5 3. d4 Bf5 4. Bg2 e6 5. O-O Be7 6. Nc3 h6 7. Bf4 O-O 8. Ne5
c5 9. h4 Nc6 10. e3 cxd4 11. exd4 Qb6 12. Nxc6 bxc6 13. b3 Qa5 14. Na4 Ne4 15.
f3 Nf6 16. Qd2 Qxd2 17. Bxd2 Bxc2 18. Rfc1 Bd3 19. Rxc6 Bb5 20. Rcc1 Ba3 21. Re1
Bxa4 22. bxa4 Bb2 23. Rab1 Bxd4+ 24. Kf1 Rfc8 25. Rec1 Nd7 26. Ke2 Nb6 27. a5
Nc4 28. Bb4 Bc5 29. a3 Nxa3 30. Bxa3 Bxa3 31. Rxc8+ Rxc8 32. Rb7 Bc5 33. f4 g6
34. g4 Bd6 35. f5 Rc7 36. Rb8+ Kg7 37. fxe6 Rc2+ 38. Kf3 Bxb8 0-1

[Event "AUTO-MASTER-3270"]
[Site "http://www.queenalice.com/game.php?id=1868090"]
[Date "2026.1.16"]
[Round "2"]
[White "raulzampronha"]
[Black "IranSilva"]
[Result "1-0"]
[WhiteElo "2260"]
[BlackElo "2166"]

1. e4 e5 2. Nf3 Nf6 3. Nxe5 d6 4. Nf3 Nxe4 5. d4 d5 6. Bd3 Nc6 7. O-O Be7 8. c4
Nb4 9. Be2 O-O 10. Nc3 Bf5 11. a3 Nxc3 12. bxc3 Nc6 13. Re1 Re8 14. Bf4 Bd6 15.
Bxd6 Qxd6 16. cxd5 Qxd5 17. c4 Qd6 18. d5 Ne5 19. Nd4 Bd7 20. Bf1 Ng4 21. g3 Qh6
22. h3 Ne5 23. f4 Ng6 24. Qd2 Bxh3 25. Qh2 Bxf1 26. Qxh6 gxh6 27. Kxf1 h5 28.
Nb5 Rec8 29. Kf2 a6 30. Nd4 Re8 31. Kf3 Kf8 32. Rh1 h4 33. gxh4 h5 34. Nf5 Rad8
35. Rad1 Rd7 36. Ng3 c6 37. Nxh5 Red8 38. Nf6 Rd6 39. Ne4 cxd5 40. Nxd6 Rxd6 41.
Rxd5 Rc6 42. h5 Ne7 43. h6 Rxc4 44. h7 1-0

[Event "AUTO-ELITE-2608"]
[Site "http://www.queenalice.com/game.php?id=1868480"]
[Date "2026.1.26"]
[Round "1"]
[White "raulzampronha"]
[Black "trompmaster"]
[Result "0-1"]
[WhiteElo "2307"]
[BlackElo "2487"]

1. e4 d6 2. d4 Nf6 3. Nc3 Nbd7 4. f4 e5 5. Nf3 exd4 6. Qxd4 c6 7. Be3 d5 8. exd5
Bc5 9. Qd3 Qe7 10. Nd4 Nb6 11. dxc6 bxc6 12. O-O-O Ba6 13. Qd2 Bxf1 14. Bf2 O-O
15. Rhxf1 Qc7 16. Ne6 Qb8 17. Nxc5 Nc4 0-1

[Event "AUTO-ELITE-2608"]
[Site "http://www.queenalice.com/game.php?id=1868481"]
[Date "2026.1.26"]
[Round "1"]
[White "trompmaster"]
[Black "raulzampronha"]
[Result "1/2-1/2"]
[WhiteElo "2508"]
[BlackElo "2251"]

1. d4 Nf6 2. Bf4 d5 3. e3 c5 4. Nf3 Nc6 5. c3 Qb6 6. Qb3 c4 7. Qc2 Bf5 8. Qc1 e6
9. Nbd2 h6 10. Be2 Be7 11. O-O O-O 12. h3 Rac8 13. b3 cxb3 14. axb3 a6 15. Qb2
Rfd8 16. Bg3 Bd6 17. Bxd6 Rxd6 18. c4 Rdd8 19. c5 Qc7 20. b4 Ne4 21. Ra3 Nxd2
22. Nxd2 Na7 23. Rfa1 Rb8 24. Rb3 Ra8 25. Nf3 f6 26. b5 Nxb5 27. Bxb5 axb5 28.
Rxb5 Rxa1+ 29. Qxa1 Rd7 30. Rb6 Re7 31. Nd2 Bg6 32. Nb1 Be8 33. Nc3 Bc6 34. Nb5
Bxb5 35. Rxb5 Qd7 36. Rb1 e5 37. Rb6 exd4 38. Qxd4 Re4 39. Qd1 Re6 40. Qg4 Re7
41. Qb4 Qc7 42. Qb5 Rd7 43. h4 Kh7 44. g3 Kh8 45. h5 Kh7 46. Kf1 Kh8 47. Kg1 Kh7
48. Kh2 Kh8 49. Kg1 1/2-1/2

[Event "AUTO-ELITE-2608"]
[Site "http://www.queenalice.com/game.php?id=1868482"]
[Date "2026.1.26"]
[Round "1"]
[White "raulzampronha"]
[Black "Guilherme_Ottoni"]
[Result "1/2-1/2"]
[WhiteElo "2253"]
[BlackElo "2223"]

1. e4 c5 2. Nf3 e6 3. d4 cxd4 4. Nxd4 a6 5. Bd3 Bc5 6. Nb3 Ba7 7. Qg4 Nf6 8.
Qxg7 Rg8 9. Qh6 Bxf2+ 10. Kd1 e5 11. Bg5 Rg6 12. Bxf6 Rxh6 13. Bxd8 Kxd8 14.
N1d2 b5 15. Rf1 Bb6 16. h3 Ke7 17. a4 b4 18. Nc4 Bc7 19. Ne3 Ke8 20. Nd5 Bd6 21.
Nb6 Bb7 22. Nxa8 Bxa8 23. Kd2 Rg6 24. g4 Nc6 25. Bc4 f6 26. Bd5 Bb7 27. Rf5 Ke7
28. Rh5 h6 29. Rf1 Nd8 30. Bxb7 Nxb7 31. Kd3 Nd8 32. Kc4 Ne6 33. Rhf5 Nf4 34.
R5xf4 exf4 35. Nd4 Be5 36. Nf5+ Ke6 37. b3 a5 38. Kb5 Bc7 39. Rd1 Rg5 40. Kc4
Be5 41. Rd5 Bc7 42. Rc5 Bb6 43. Rb5 Bc7 44. Rb7 Bd8 45. Nxh6 f3 46. Kd3 Rc5 47.
Nf5 Rc3+ 48. Kd2 f2 49. Ke2 Rxc2+ 50. Kf1 Rc3 51. Kxf2 Rxh3 52. Kg2 Rd3 53. Rb8
Bc7 54. Rb7 Bd8 55. Rb8 1/2-1/2

[Event "AUTO-ELITE-2608"]
[Site "http://www.queenalice.com/game.php?id=1868483"]
[Date "2026.1.26"]
[Round "1"]
[White "Guilherme_Ottoni"]
[Black "raulzampronha"]
[Result "1/2-1/2"]
[WhiteElo "2223"]
[BlackElo "2263"]

1. e4 c5 2. Nf3 e6 3. c4 Nc6 4. Nc3 Nf6 5. d4 cxd4 6. Nxd4 Bb4 7. Nxc6 bxc6 8.
Bd3 e5 9. Qb3 Bc5 10. O-O O-O 11. Na4 Bd4 12. Bd2 d5 13. cxd5 cxd5 14. exd5 Nxd5
15. Be4 Be6 16. Qf3 f5 17. Bc2 Rb8 18. Rab1 Qh4 19. g3 Qh3 20. Qg2 Qxg2+ 21.
Kxg2 Nb4 22. Bxb4 Rxb4 23. b3 Rbb8 24. Bd3 Rfc8 25. Nb2 Kf7 26. Bc4 a5 27. Bxe6+
Kxe6 28. Nc4 a4 29. Rfc1 axb3 30. axb3 Rb4 31. Nd2 Rc3 32. Rxc3 Bxc3 33. Nc4 g6
34. Kf3 Kd5 35. Ke2 Rb8 36. Kd3 Bd4 37. Ne3+ Kc5 38. Rc1+ Kd6 39. Rb1 Ra8 40. f4
Ra2 41. fxe5+ Bxe5 42. Nc4+ Kd5 43. Nxe5 Kxe5 44. b4 Rxh2 45. b5 Ra2 46. b6 Ra8
47. Kc4 g5 48. Re1+ Kf6 49. Kc5 f4 50. gxf4 gxf4 51. Rh1 Ke5 52. Rxh7 f3 53.
Re7+ Kf4 54. Kc6 Kg3 55. b7 Rb8 56. Rg7+ Kh2 1/2-1/2

[Event "AUTO-OPEN-4612"]
[Site "http://www.queenalice.com/game.php?id=1868661"]
[Date "2026.1.30"]
[Round "3"]
[White "josebaron"]
[Black "raulzampronha"]
[Result "0-1"]
[WhiteElo "2197"]
[BlackElo "2296"]

1. e4 c5 2. Nf3 e6 3. d4 cxd4 4. Nxd4 Nf6 5. Nc3 d6 6. Bb5+ Nbd7 7. O-O Be7 8.
Bxd7+ Bxd7 9. a4 a6 10. Re1 Qc7 11. h3 O-O 12. Nf3 Rac8 13. e5 dxe5 14. Nxe5
Rfd8 15. Nxd7 Rxd7 16. Qf3 Bb4 0-1

[Event "AUTO-OPEN-4612"]
[Site "http://www.queenalice.com/game.php?id=1868662"]
[Date "2026.1.30"]
[Round "3"]
[White "raulzampronha"]
[Black "josebaron"]
[Result "1-0"]
[WhiteElo "2305"]
[BlackElo "2188"]

1. e4 e5 2. Nf3 Nc6 3. d4 exd4 4. Nxd4 d6 5. Nc3 Nf6 6. Bf4 Be7 7. Qd2 O-O 8.
O-O-O Ne5 9. f3 a6 10. g4 Nfd7 11. Qf2 c5 12. Nf5 g5 13. Be3 Nb6 14. Bxc5 1-0

[Event "AUTO-ELITE-2610"]
[Site "http://www.queenalice.com/game.php?id=1869138"]
[Date "2026.2.11"]
[Round "1"]
[White "raulzampronha"]
[Black "JailtonMaster"]
[Result "1-0"]
[WhiteElo "2248"]
[BlackElo "2122"]

1. e4 e5 2. Nf3 Nc6 3. d4 exd4 4. Nxd4 Bc5 5. Be3 Qf6 6. c3 Nge7 7. Bc4 O-O 8.
O-O Ne5 9. Be2 b6 10. f4 N5c6 11. Qd2 d6 12. Nb5 Bxe3+ 13. Qxe3 Ba6 14. Nxc7
Bxe2 15. Qxe2 Rac8 16. Nb5 a6 17. N5a3 b5 18. Nc2 Rfe8 19. Nd2 d5 20. e5 Nf5 21.
a4 Qg6 22. axb5 axb5 23. Nf3 Nd6 24. Nfd4 Nxd4 25. Nxd4 Rb8 26. Ra6 Rbd8 27. Qf3
Qe4 28. Rxd6 1-0

[Event "AUTO-ELITE-2611"]
[Site "http://www.queenalice.com/game.php?id=1869787"]
[Date "2026.2.25"]
[Round "1"]
[White "raulzampronha"]
[Black "boilermaker1234"]
[Result "0-1"]
[WhiteElo "2259"]
[BlackElo "2458"]

1. e4 c5 2. Nf3 d6 3. d4 cxd4 4. Nxd4 Nf6 5. Nc3 a6 6. Bg5 Nbd7 7. f4 Qa5 8. Qf3
h6 9. Bxf6 Nxf6 10. f5 g5 11. O-O-O Qc5 12. Nd5 Nxd5 13. exd5 Bg7 14. Qe4 Bxd4
15. Qxd4 Qxd4 0-1

[Event "AUTO-ELITE-2612"]
[Site "http://www.queenalice.com/game.php?id=1870063"]
[Date "2026.3.3"]
[Round "1"]
[White "trompmaster"]
[Black "raulzampronha"]
[Result "1-0"]
[WhiteElo "2499"]
[BlackElo "2253"]

1. Nf3 Nf6 2. c4 e6 3. e3 d5 4. b3 Be7 5. Bb2 O-O 6. d4 b6 7. Bd3 Bb7 8. O-O
Nbd7 9. Nc3 c5 10. cxd5 exd5 11. Rc1 Rc8 12. Bf5 a6 13. dxc5 bxc5 14. Na4 Bc6
15. Bxf6 1-0

[Event "AUTO-ELITE-2612"]
[Site "http://www.queenalice.com/game.php?id=1870064"]
[Date "2026.3.3"]
[Round "1"]
[White "raulzampronha"]
[Black "trompmaster"]
[Result "0-1"]
[WhiteElo "2256"]
[BlackElo "2502"]

1. e4 d5 2. exd5 Nf6 3. Bb5+ Bd7 4. Bc4 Bg4 5. f3 Bf5 6. Nc3 c6 7. dxc6 Nxc6 8.
Nge2 e5 9. O-O Bc5+ 10. Kh1 O-O 11. d3 Na5 12. Bb3 h6 13. Ng3 Bg6 14. Nce4 Nxb3
15. axb3 Bd4 16. c3 Bb6 17. Qe2 Nd5 18. Bd2 Nf4 0-1

[Event "AUTO-ELITE-2613"]
[Site "http://www.queenalice.com/game.php?id=1870351"]
[Date "2026.3.12"]
[Round "1"]
[White "JailtonMaster"]
[Black "raulzampronha"]
[Result "1-0"]
[WhiteElo "2064"]
[BlackElo "2262"]

1. d4 Nf6 2. c4 e6 3. Nc3 Bb4 4. Bg5 h6 5. Bh4 c5 6. e3 Bxc3+ 7. bxc3 Qa5 8. Qc2
d6 9. Bxf6 gxf6 10. Nf3 b6 11. Be2 Ba6 12. O-O Nd7 13. Nd2 Rc8 14. Nb3 Qa4 15.
d5 e5 16. Qe4 b5 17. f4 bxc4 18. fxe5 cxb3 19. Qxa4 1-0

[Event "AUTO-ELITE-2614"]
[Site "http://www.queenalice.com/game.php?id=1870548"]
[Date "2026.3.13"]
[Round "1"]
[White "trompmaster"]
[Black "raulzampronha"]
[Result "1-0"]
[WhiteElo "2504"]
[BlackElo "2268"]

1. Nf3 Nf6 2. c4 c5 3. g3 d5 4. cxd5 Nxd5 5. Nc3 Nc7 6. d4 cxd4 7. Qxd4 Qxd4 8.
Nxd4 e5 9. Ndb5 Nxb5 10. Nxb5 Na6 11. Bg2 Bb4+ 12. Bd2 Bxd2+ 13. Kxd2 O-O 14.
Rhd1 Rb8 15. Nxa7 Be6 16. b3 Nb4 17. Kc3 Ra8 18. Kxb4 Rxa7 19. a4 1-0